00237nam a2200097Ia 4500008004100000041000800041100001800049245003500067260002900102300000800131230306s9999 xx 000 0 und d aeng aShilpa Dongre aCyber Law and Its Applications bCurrent Pub Mumbaic2015 a454